[Event "Nakhchivan Premium 2021"]
[Site "Nakhchivan"]
[Date "2021.03.31"]
[Round "10.3"]
[White "Ahmadova, Yegana"]
[Black "Babayeva, Nasrin"]
[Result "0-1"]
[WhiteElo "1421"]
[BlackElo "1564"]
[Annotator "NA RC"]
[PlyCount "92"]
[EventDate "2021.03.14"]
[EventType "tourn"]
[EventCountry "AZE"]
[SourceTitle "playchess.com"]
[Source "ChessBase"]
[SourceQuality "1"]
[TimeControl "5400+30"]

1. e4 {[%emt 0:00:00]} Nc6 {[%emt 0:00:00]} 2. d4 {[%emt 0:00:00]} d5 {[%emt 0:00:00]} 3. e5 {[%emt 0:00:00]} Bf5 {[%emt 0:00:00]} 4. Bd3 {[%emt 0:01:33]} Nxd4 {[%emt 0:00:00]} 5. Bxf5 {[%emt 0:00:36]} Nxf5 {[%emt 0:00:00]} 6. c3 {[%emt 0:00:28]} e6 {[%emt 0:00:12]} 7. Nf3 {[%emt 0:01:33]} h5 {[%emt 0:07:42]} 8. Nd4 {[%emt 0:00:33]} Nxd4 {[%emt 0:07:59]} 9. cxd4 {[%emt 0:00:16]} Bb4+ {[%emt 0:03:30]} 10. Nc3 {[%emt 0:01:55]} Ne7 {[%emt 0:01:47]} 11. a3 {[%emt 0:03:10]} Ba5 {[%emt 0:00:29]} 12. b4 {[%emt 0:02:13]} Bb6 {[%emt 0:00:06]} 13. Na4 {[%emt 0:01:03]} Nf5 {[%emt 0:01:40]} 14. Nc5 {[%emt 0:00:56]} Qh4 {[%emt 0:06:57]} 15. Bb2 {[%emt 0:06:14]} Qg4 {[%emt 0:12:02]} 16. Qxg4 {[%emt 0:02:14]} hxg4 {[%emt 0:00:02]} 17. Kd2 {[%emt 0:04:23]} O-O-O {[%emt 0:02:04]} 18. Kd3 {[%emt 0:00:39]} Bxc5 {[%emt 0:00:42]} 19. bxc5 {[%emt 0:00:09]} Rh4 {[%emt 0:01:53]} 20. h3 {[%emt 0:03:05]} Rdh8 {[%emt 0:00:34]} 21. g3 {[%emt 0:02:26]} Rxh3 {[%emt 0:00:08]} 22. Rhb1 {[%emt 0:00:30]} Rh2 {[%emt 0:08:08]} 23. Rf1 {[%emt 0:01:28]} R8h3 {[%emt 0:04:15]} 24. Bc1 {[%emt 0:00:52]} Kd7 {[%emt 0:03:36]} 25. Rb1 {[%emt 0:00:45]} Rh1 {[%emt 0:02:28]} 26. Be3 {[%emt 0:00:35]} Rxf1 {[%emt 0:00:16]} 27. Rxf1 {[%emt 0:00:06]} Nxe3 {[%emt 0:02:01]} 28. Kxe3 {[%emt 0:00:31]} g5 {[%emt 0:00:56]} 29. Ke2 {[%emt 0:00:59]} b6 {[%emt 0:01:01]} 30. cxb6 {[%emt 0:00:20]} axb6 {[%emt 0:00:07]} 31. a4 {[%emt 0:00:45]} Rh8 {[%emt 0:00:17]} 32. Ra1 {[%emt 0:05:23]} Ra8 {[%emt 0:00:48]} 33. f4 {[%emt 0:01:41]} gxf4 {[%emt 0:00:29]} 34. gxf4 {[%emt 0:00:06]} Ra5 {[%emt 0:00:06]} 35. Ke3 {[%emt 0:01:37]} b5 {[%emt 0:00:11]} 36. Rg1 {[%emt 0:00:48]} bxa4 {[%emt 0:00:55]} 37. Rxg4 {[%emt 0:00:15]} c5 {[%emt 0:00:59]} 38. dxc5 {[%emt 0:00:37]} Rxc5 {[%emt 0:00:01]} 39. Rg1 {[%emt 0:00:59]} a3 {[%emt 0:00:21]} 40. Ra1 {[%emt 0:00:00]} Ra5 {[%emt 0:00:00]} 41. Kd4 {[%emt 0:00:00]} a2 {[%emt 0:00:00]} 42. Kc3 {[%emt 0:00:00]} Kc6 {[%emt 0:00:00]} 43. Kb3 {[%emt 0:00:00]} Kc5 {[%emt 0:00:00]} 44. Kc3 {[%emt 0:00:00]} Ra3+ {[%emt 0:00:00]} 45. Kb2 {[%emt 0:00:00]} Kb4 {[%emt 0:00:00]} 46. Kc2 {[%emt 0:00:00]} Rf3 {[%emt 0:00:00]} 0-1

[Event "Nakhchivan Premium 2021"]
[Site "Nakhchivan"]
[Date "2021.03.31"]
[Round "10.4"]
[White "Baghirov, Orkhan"]
[Black "Garayev, Sadig"]
[Result "0-1"]
[WhiteElo "1473"]
[BlackElo "1781"]
[Annotator "NA RC"]
[PlyCount "102"]
[EventDate "2021.03.14"]
[EventType "tourn"]
[EventCountry "AZE"]
[SourceTitle "playchess.com"]
[Source "ChessBase"]
[SourceQuality "1"]
[TimeControl "5400+30"]

1. d4 {[%emt 0:00:00]} d5 {[%emt 0:00:00]} 2. c4 {[%emt 0:00:04]} e6 {[%emt 0:00:00]} 3. Nf3 {[%emt 0:00:05]} Nf6 {[%emt 0:00:14]} 4. g3 {[%emt 0:00:44]} dxc4 {[%emt 0:00:06]} 5. Qa4+ {[%emt 0:01:00]} Bd7 {[%emt 0:00:57]} 6. Qxc4 {[%emt 0:00:30]} c5 {[%emt 0:00:20]} 7. Bg2 {[%emt 0:03:21]} Bc6 {[%emt 0:00:15]} 8. e3 {[%emt 0:01:14]} cxd4 {[%emt 0:07:15]} 9. exd4 {[%emt 0:03:07]} Bd5 {[%emt 0:08:15]} 10. Qd3 {[%emt 0:03:36]} Be4 {[%emt 0:11:27]} 11. Qd1 {[%emt 0:07:23]} Nbd7 {[%emt 0:02:41]} 12. Nc3 {[%emt 0:02:34]} Bb4 {[%emt 0:01:48]} 13. O-O {[%emt 0:05:43]} Bxc3 {[%emt 0:00:25]} 14. bxc3 {[%emt 0:00:13]} Rc8 {[%emt 0:00:10]} 15. Bd2 {[%emt 0:01:21]} O-O {[%emt 0:00:46]} 16. Re1 {[%emt 0:06:35]} h6 {[%emt 0:08:13]} 17. Rc1 {[%emt 0:08:28]} Nb6 {[%emt 0:05:55]} 18. Ne5 {[%emt 0:09:36]} Bxg2 {[%emt 0:01:04]} 19. Kxg2 {[%emt 0:00:02]} Qd5+ {[%emt 0:01:46]} 20. f3 {[%emt 0:01:53]} Nc4 {[%emt 0:07:44]} 21. Rb1 {[%emt 0:10:42]} b6 {[%emt 0:03:07]} 22. Nd3 {[%emt 0:04:27]} Qa5 {[%emt 0:02:49]} 23. Nb4 {[%emt 0:07:13]} Nd5 {[%emt 0:00:56]} 24. Nxd5 {[%emt 0:03:22]} exd5 {[%emt 0:00:16]} 25. Rc1 {[%emt 0:05:08]} Qxa2 {[%emt 0:03:01]} 26. Rc2 {[%emt 0:00:48]} Qb3 {[%emt 0:01:15]} 27. Bc1 {[%emt 0:04:07]} Rce8 {[%emt 0:01:31]} 28. Rf1 {[%emt 0:01:19]} a5 {[%emt 0:00:47]} 29. Rff2 {[%emt 0:01:22]} Re3 {[%emt 0:01:58]} 30. Bd2 {[%emt 0:01:29]} Rfe8 {[%emt 0:00:31]} 31. Kh3 {[%emt 0:02:11]} Rd3 {[%emt 0:07:42]} 32. Qc1 {[%emt 0:01:30]} a4 {[%emt 0:02:53]} 33. Bf4 {[%emt 0:03:22]} a3 {[%emt 0:00:16]} 34. Kg2 {[%emt 0:01:27]} Ra8 {[%emt 0:01:44]} 35. Ra2 {[%emt 0:00:14]} Qxc3 {[%emt 0:01:10]} 36. Qb1 {[%emt 0:00:29]} Qxd4 {[%emt 0:01:03]} 37. Bc7 {[%emt 0:00:25]} Rc3 {[%emt 0:02:55]} 38. Bf4 {[%emt 0:00:45]} Qc5 {[%emt 0:03:04]} 39. Rfe2 {[%emt 0:00:39]} Ne3+ {[%emt 0:02:14]} 40. Bxe3 {[%emt 0:00:00]} Rxe3 {[%emt 0:00:00]} 41. Rec2 {[%emt 0:00:00]} Rc3 {[%emt 0:00:00]} 42. Rxc3 {[%emt 0:00:00]} Qxc3 {[%emt 0:00:00]} 43. Qxb6 {[%emt 0:00:00]} Qc4 {[%emt 0:00:00]} 44. Qb1 {[%emt 0:00:00]} d4 {[%emt 0:00:00]} 45. Kf2 {[%emt 0:00:00]} d3 {[%emt 0:00:00]} 46. Ke1 {[%emt 0:00:00]} Qc3+ {[%emt 0:00:00]} 47. Kd1 {[%emt 0:00:00]} Re8 {[%emt 0:00:00]} 48. Rd2 {[%emt 0:00:00]} Re2 {[%emt 0:00:00]} 49. Qxd3 {[%emt 0:00:00]} Qxd2+ {[%emt 0:00:00]} 50. Qxd2 {[%emt 0:00:00]} Rxd2+ {[%emt 0:00:00]} 51. Kxd2 {[%emt 0:00:00]} a2 {[%emt 0:00:00]} 0-1

[Event "Nakhchivan Premium 2021"]
[Site "Nakhchivan"]
[Date "2021.03.31"]
[Round "10.5"]
[White "Babayev, Talib"]
[Black "Aliyev, Aykhan"]
[Result "1/2-1/2"]
[WhiteElo "2282"]
[BlackElo "1683"]
[Annotator "TA"]
[PlyCount "144"]
[EventDate "2021.03.14"]
[EventType "tourn"]
[EventCountry "AZE"]
[SourceTitle "playchess.com"]
[Source "ChessBase"]
[SourceQuality "1"]

{[%evp 16,144,12,0,0,-36,-38,-43,-39,-35,-36,-37,-14,-35,-31,-44,-30,-78,-78,-88,-66,-58,-48,-52,-47,-67,-59,-64,-64,-58,-40,-43,-43,-37,-20,-60,-61,-66,-64,-57,-51,-61,-53,-67,-89,-56,-60,-192,-192,-194,-204,-287,-287,-287,-287,-287,-287,-257,-242,-259,-240,-345,-212,-320,-295,-259,-127,-484,-467,-438,-422,-260,0,0,0,0,593,0,0,0,10,10,10,10,10,10,10,10,10,0,121,0,0,0,8,0,0,0,0,0,0,0,0,0,0,0,0,0,0,0,0,0,0,0,0,0,0,0,0,0,0,0,0,0,0,0,0,0,0,0,0]} 1. d4 d5 2. Nf3 Nf6 3. e3 e6 4. Bd3 Be7 5. O-O O-O 6. b3 b6 7. Bb2 Bb7 8. Nbd2 Nbd7 9. Ne5 Ne4 {D05: Colle System with ...e6.} (9... Nxe5 {with more complications.} 10. dxe5 Ne4 11. Nxe4 dxe4 12. Bc4 a5) 10. c4 (10. Nxd7 {looks sharper.} Qxd7 11. c4 Nxd2 12. Qxd2 dxc4 13. bxc4 Rad8 14. a4) 10... Nxe5 11. dxe5 Nxd2 {Black is slightly better.} 12. Qxd2 dxc4 13. bxc4 {[#]} Bb4 $146 ({Predecessor:} 13... Be4 14. Rfd1 Qxd3 15. Qxd3 Bxd3 16. Rxd3 Rfd8 17. Rd4 Bc5 18. Rdd1 Kf8 19. Bd4 Be7 {½-½ (30) Guo,W (1910)-Li,J (1764) Changsha 2019}) 14. Qc2 g6 15. Rad1 {Black should prevent Bxg6.} Qe7 16. e4 Rfd8 17. g3 Bc5 18. Be2 Rxd1 19. Rxd1 Rd8 20. Bf3 Bc6 21. Kf1 $1 Rxd1+ 22. Qxd1 Qd7 23. Qxd7 Bxd7 $15 {[%mdl 4096] Endgame KBB-KBB} 24. Bd1 b5 25. Be2 a6 26. f4 bxc4 27. Bxc4 Bb5 28. Be2 Kf8 29. g4 Ke7 30. f5 Kd7 31. Bxb5+ (31. Ke1 $15) 31... axb5 {KB-KB} 32. Ke2 Bg1 33. h4 (33. h3 $142) 33... c5 $19 34. Kf1 Bh2 35. Kg2 Bf4 36. Kf3 Bd2 37. Ke2 Ba5 38. Ke3 (38. h5 {was worth a try.}) 38... Kc6 39. Bc1 (39. h5 {is the only way for White.}) 39... Bc3 40. Kf4 b4 (40... h6 $19 {is more deadly.} 41. Kf3 Be1 42. Bxh6 Bxh4) 41. h5 $2 {[%mdl 8192]} (41. fxe6 $17 {is tougher.} fxe6 42. Kg5) 41... gxh5 42. gxh5 {intending Kg5.} c4 43. Kg5 Be1 $2 (43... Bxe5 $19 44. Kh6 Kc5 45. Be3+ Bd4) 44. Kf6 $11 {[%csl LRe6,LRf7][%mdl 64] Double Attack} exf5 $1 45. exf5 Bg3 $2 {[%mdl 8192] [#]} (45... Bc3 $1 $11) 46. Kxf7 $2 (46. e6 $1 $18 {[%cal Re6e7]} fxe6 47. fxe6 Bh4+ 48. Kf7) 46... Bxe5 47. Ke6 Bd6 48. f6 b3 49. axb3 cxb3 50. Bb2 Bc5 51. Kf7 Kd5 52. Kg8 (52. Kg7 {with more complications.} Bd4 53. Bxd4 Kxd4 54. f7 b2 55. f8=Q) 52... Ke6 {[#]} (52... h6 $11) 53. f7 (53. h6 $1 $16 Be3 54. Kg7) 53... h6 {The position is equal.} 54. Bc1 $1 Bb4 55. Kg7 Bc3+ 56. Kg6 Bb4 57. Bb2 (57. Bxh6 {is a self mate.} b2 58. Kg5 b1=Q 59. Kg4 Qf5+ 60. Kg3 Be1+ 61. Kg2 Kxf7 62. Kh2 Qf2+ 63. Kh1 Qf3+ 64. Kg1 Qg3+ 65. Kh1 Bf2 66. Bd2 Qh3#) 57... Bc5 58. Kg7 Bb4 59. Kg8 (59. Ba1 {is interesting.} Bc5 60. Kg6 Bd6 61. Kg7 Bb4 62. Kg6) 59... Bc5 60. Bg7 Bb4 61. Bf8 (61. Bc3 {with more complications.} Ba3 62. Bb2 Bc5) 61... Bxf8 62. Kxf8 {Strongly threatening Kg8. KPP-KPP} b2 63. Kg7 b1=Q {( -> ...Qg1+)} 64. f8=Q {Hoping for Qf6+. KQ-KQ} Qb7+ 65. Kxh6 {Threatens to win with Qe8+.} Qf7 66. Qc8+ (66. Qa3 {keeps more tension.} Qf6+ 67. Kh7 Qf7+ 68. Kh6) 66... Kf6 {[%csl Gf6][%cal Rf7g7]} 67. Qc6+ (67. Qa6+ {is more complex.} Ke7 68. Qa3+ Ke8 69. Qa4+ Kf8 70. Qa3+) 67... Ke7 68. Qe4+ (68. Qc1 {feels hotter.} Qf6+ 69. Kh7 Qf7+ 70. Kh6) 68... Kf6 {[%csl Gf6][%cal Rf7g7]} 69. Qf4+ Ke7 70. Qe5+ Kf8 71. Qh8+ Ke7 72. Qd4 Qf6+ {Weighted Error Value: White=0.42/Black=0.36} 1/2-1/2

[Event "Nakhchivan Premium 2021"]
[Site "Nakhchivan"]
[Date "2021.03.31"]
[Round "10.6"]
[White "Hasanzade, Toghrul"]
[Black "Mammadov, Sadig"]
[Result "1-0"]
[WhiteElo "2322"]
[BlackElo "2237"]
[Annotator "TA"]
[PlyCount "61"]
[EventDate "2021.03.14"]
[EventType "tourn"]
[EventCountry "AZE"]
[SourceTitle "playchess.com"]
[Source "ChessBase"]
[SourceQuality "1"]

{[%evp 13,61,37,50,2,25,23,30,38,34,26,33,28,13,19,33,4,64,44,60,51,67,20,25,21,16,17,64,72,68,83,74,79,75,66,71,54,47,47,47,48,44,41,52,41,50,47,29997,29998,29998,29999]} 1. e4 e6 2. d4 d5 3. Nd2 a6 4. Ngf3 c5 5. dxc5 Bxc5 6. Bd3 Nc6 7. O-O Nge7 8. e5 {C07: French Tarrasch: 3...c5, 4 Ngf3 and 4 exd5 Qxd5.} Ng6 9. Nb3 {[#] Hoping for Bxg6.} Ba7 10. Re1 {White has an edge.} O-O 11. c3 {[#]} f6 $146 ({Predecessor:} 11... Bb8 12. Bg5 Qe8 13. Qc2 b6 14. h4 h6 15. Be3 Ncxe5 16. Nxe5 Nxe5 17. Bxb6 Nxd3 18. Qxd3 {0-1 (32) Efimenko,M (2245)-Mammadova,G (2382) chess.com INT 2020}) 12. exf6 gxf6 13. Bh6 Rf7 14. c4 Nce5 (14... Nge5 $1 $11) 15. cxd5 $14 exd5 16. h3 Qd6 17. Be3 Nxf3+ 18. Qxf3 {Bxa7 is the strong threat.} Bb8 19. Rad1 Ne5 20. Qf4 ({Of course not} 20. Qg3+ Rg7 $15) 20... Nxd3 21. Qxd6 Bxd6 22. Rxd3 Be5 23. Rxd5 Bxb2 24. Rd8+ Rf8 25. Rxf8+ Kxf8 26. Bc5+ Kf7 27. Re7+ Kg6 28. Nd2 {Strongly threatening Nc4.} b5 29. Nf3 {White wants to mate with Nh4+.} a5 $2 {[%mdl 8192] [#]} (29... h6 $14) 30. Nh4+ Kg5 31. Be3+ {Weighted Error Value: White=0.05/Black=0.43} 1-0

[Event "Nakhchivan Premium 2021"]
[Site "Nakhchivan"]
[Date "2021.04.01"]
[Round "11.1"]
[White "Mammadov, Sadig"]
[Black "Sevdimaliyev, Urfan"]
[Result "0-1"]
[WhiteElo "2237"]
[BlackElo "2369"]
[Annotator "TA"]
[PlyCount "52"]
[EventDate "2021.03.14"]
[EventType "tourn"]
[EventCountry "AZE"]
[SourceTitle "playchess.com"]
[Source "ChessBase"]
[SourceQuality "1"]

{[%evp 14,52,17,29,25,-8,0,0,0,0,0,0,0,-67,-89,-106,-93,-75,-20,-5,-17,-187,-185,-231,-245,-228,-208,-191,-191,-195,-189,-205,-188,-195,-193,-227,-210,-569,-560,-618,-601]} 1. d4 Nf6 2. c4 g6 3. g3 c6 4. Bg2 d5 5. Nf3 Bg7 6. O-O O-O 7. Qb3 dxc4 8. Qxc4 Bf5 {D78: Fianchetto Grünfeld: 6 0-0 c6.} 9. a4 a5 10. Nc3 Na6 {The position is equal.} 11. Ng5 {[#]} h6 $146 ({Predecessor:} 11... Nd7 12. e4 Bg4 13. h3 Nb6 14. Qb3 Bc8 15. Be3 Bxd4 16. Rad1 e5 17. Nf3 Be6 {0-1 (49) Mamedov,R (2662)-Sasikiran,K (2663) Loo 2013}) 12. e4 Bc8 13. Nh3 ({White should try} 13. Nf3 $11) 13... Be6 $15 14. d5 cxd5 15. exd5 Rc8 16. Qh4 $1 $11 {[#]} g5 $1 $36 {[%mdl 2048] White is under pressure.} 17. Bxg5 {Loses the game.} (17. Nxg5 $1 $11 {and White is okay.} hxg5 18. Bxg5) 17... hxg5 $19 18. Qxg5 Bxh3 19. Bxh3 Rc4 20. Bg2 Qd7 21. d6 Rc5 22. Qf4 Qxd6 23. Qxd6 exd6 24. Bxb7 Nb4 25. Rad1 $2 {[#]} (25. Bh1 {is a better chance.}) 25... d5 26. Rfe1 Rb8 {Weighted Error Value: White=0.50/Black=0.08} 0-1

[Event "Nakhchivan Premium 2021"]
[Site "Nakhchivan"]
[Date "2021.04.01"]
[Round "11.2"]
[White "Aliyev, Aykhan"]
[Black "Hasanzade, Toghrul"]
[Result "0-1"]
[WhiteElo "1683"]
[BlackElo "2322"]
[Annotator "TA"]
[PlyCount "110"]
[EventDate "2021.03.14"]
[EventType "tourn"]
[EventCountry "AZE"]
[SourceTitle "playchess.com"]
[Source "ChessBase"]
[SourceQuality "1"]

{[%evp 9,110,0,9,0,0,0,0,-15,-7,-20,-8,-11,0,0,-6,0,-20,-13,-9,-21,-25,-71,-17,-12,-16,-27,-29,-29,0,-39,0,-24,-20,-35,-35,-35,-35,-30,-23,-18,-18,-54,-47,-60,-58,-50,-35,-36,-31,-51,-53,-56,-48,-77,-40,-50,0,-66,-32,-103,-102,-104,-106,-97,-85,-81,-76,-77,-81,-79,-78,-151,-129,-133,-132,-196,-205,-370,-374,-344,-361,-480,-492,-530,-494,-654,-634,-800,-502,-806,-578,-797,-787,-2070,-2013,-4774,-2044,-1619,-1041,-1079,-1077,-1023,-1012]} 1. e4 e6 2. d4 d5 3. Nd2 Be7 4. Ngf3 c5 5. c3 cxd4 6. cxd4 {C03: French Tarrasch: Unusual Black 3rd moves.} dxe4 7. Nxe4 Nf6 8. Nc3 {The position is equal.} O-O 9. Bd3 b6 10. O-O Bb7 11. Be3 Nc6 12. a3 Rc8 13. Rc1 Na5 {[#]} 14. Ne5 $146 ({Predecessor:} 14. b4 Nc4 15. Bxc4 Rxc4 16. Qd3 Rc8 17. Qe2 a5 18. Qb2 axb4 19. axb4 Qd6 {0-1 (39) Valencia Ciordia,J (1667)-Overturf,S (1674) ICCF email 2016}) 14... Nd5 15. Re1 {[#]} Nxe3 ({Black should play} 15... Bxa3 $1 $17 16. bxa3 (16. Qh5 g6 $17) (16. Bxh7+ Kxh7) 16... Nxc3) 16. fxe3 $11 Bf6 17. Ng4 ({Reject} 17. Qh5 g6 $17) 17... Bg5 18. Ne5 Bf6 19. Ng4 ({Of course not} 19. Qh5 g6 $17) 19... Bg5 20. Ne5 g6 21. Qe2 Qe7 22. Ne4 Bh6 23. Rxc8 Rxc8 24. Nc3 Nc6 {Strongly threatening ...Nxe5.} 25. Nxc6 Bxc6 26. Be4 Bxe4 27. Nxe4 f5 28. Nc3 e5 29. d5 e4 $1 30. Rd1 Rd8 31. Kf2 Qc5 32. g3 Rd6 33. Qd2 (33. Rd4 $11) 33... Kf7 (33... Qc4 {is more complex.} 34. Qd4 Qxd4 35. Rxd4 Bg7 36. Rd2 Kf7) 34. Qd4 ({Better is} 34. b4 $15 Qc4 35. Ne2) 34... Qxd4 $17 35. Rxd4 {[%mdl 4096] Endgame KRB-KRN} Bg7 36. Rd2 Kf6 37. Nb5 Rd7 38. d6 a6 39. Nc7 Bf8 40. Nxa6 (40. Nd5+ $142 Ke6 41. Nc7+ Ke5 42. Nxa6 Rxd6 43. Ke2) 40... Rxd6 ({Much less strong is} 40... Bxd6 41. Ke2 $17) 41. Rc2 Rd3 42. Rc6+ {[#]} (42. a4 $17) 42... Kg5 $1 $19 43. Rxb6 $2 (43. h3) 43... Rd2+ 44. Ke1 Rxh2 45. b4 Kg4 {Black is clearly winning.} 46. Rc6 Kf3 47. Kd1 Bh6 48. Rc2 Rh1+ 49. Kd2 Bxe3+ 50. Kc3 Bf2 {White must now prevent ...e3.} 51. b5 e3 52. Nc5 e2 53. Nd3 e1=Q+ 54. Nxe1+ Rxe1 55. a4 Bb6 {Weighted Error Value: White=0.44/Black=0.14} 0-1

[Event "Nakhchivan Premium 2021"]
[Site "Nakhchivan"]
[Date "2021.04.01"]
[Round "11.3"]
[White "Garayev, Sadig"]
[Black "Babayev, Talib"]
[Result "1/2-1/2"]
[WhiteElo "1781"]
[BlackElo "2282"]
[Annotator "TA"]
[PlyCount "147"]
[EventDate "2021.03.14"]
[EventType "tourn"]
[EventCountry "AZE"]
[SourceTitle "playchess.com"]
[Source "ChessBase"]
[SourceQuality "1"]

{[%evp 11,147,21,43,29,31,30,26,-28,-18,-29,0,0,0,0,10,0,13,14,33,0,0,0,14,-35,28,5,32,0,0,0,0,0,0,0,0,0,0,0,4,0,10,0,-1,0,10,-19,0,0,17,21,12,1,15,7,13,0,17,16,19,17,27,5,7,15,27,11,11,11,17,17,19,20,16,16,13,14,16,0,0,0,0,-25,0,-46,-52,-42,-9,-123,-123,-118,-99,-116,-115,-130,-130,-130,-130,-130,-130,-130,-130,-130,-8,-8,-8,-68,-68,-130,-68,-68,-59,-129,-8,-8,-8,-8,-8,-8,-8,-8,-8,-8,0,0,0,-8,-8,-8,0,0,0,0,0,0,0,0,0,0]} 1. e4 c6 2. d4 d5 3. e5 Bf5 4. Nf3 e6 5. Be2 Nd7 6. O-O Bg6 $1 {[%mdl 4] outshines the older 6...Ne7.} 7. Nbd2 {B12: Caro-Kann: Advance Variation.} Nh6 8. Nb3 Nf5 9. c4 (9. Bd2 $142) 9... dxc4 $11 10. Bxc4 {[#]} Bh5 $146 ({Predecessor:} 10... Be7 11. Bd2 O-O 12. a4 Nb6 13. Ba5 Bh5 14. Be2 Qd5 15. h3 Nh4 16. g4 Bg6 17. Nxh4 Bxh4 {1-0 (43) Huang,R (2292)-Xu,M Shenyang 2019}) 11. Be2 Nb6 12. h3 {[#] Black must now prevent g4.} Bxf3 13. Bxf3 Qd7 14. a4 Be7 15. Be3 O-O 16. Qe2 Nd5 17. Rfe1 f6 ({Black should try} 17... Ndxe3 $15 18. fxe3 Rac8) 18. Bd2 Nh4 (18... a5 {feels hotter.} 19. Rac1 Nh4 20. Bh5 fxe5 21. g3 g6) 19. exf6 Nxf3+ 20. Qxf3 Rxf6 21. Qe4 Raf8 22. Re2 Bd6 23. Nc5 {[%cal Bb3c5,Bc5d3,Bd3e5][%mdl 32]} Qf7 24. Nd3 ({But not} 24. Nxe6 $2 Re8 $19) 24... Qh5 (24... a6 {with more complications.} 25. Rae1 Bc7 26. b4 Bd6 27. a5 Bc7) 25. Qg4 (25. Rae1 {looks sharper.} Qf7 26. h4 h6 27. g3 Qh5 28. f4) 25... Qf5 26. Qxf5 exf5 27. Rae1 f4 28. Ne5 Rd8 29. Ba5 Bc7 (29... Rc8 {seems wilder.} 30. Nf3 Rcf8 31. Bd2 h6 32. Re4 a6) 30. Bxc7 Nxc7 31. Nf3 Rf7 32. Re4 h6 33. Ne5 Rf6 34. h4 Nd5 35. Nd3 Kf7 36. Nc5 b6 37. Nd3 g5 38. Rc1 Re8 39. Ne5+ Kg7 40. f3 Rc8 41. Ng4 Rd6 42. h5 Rc7 43. Rce1 Nf6 44. Re6 Rxe6 45. Rxe6 Nxh5 {[%mdl 4096] Endgame KRN-KRN} 46. Ne5 Nf6 47. Rxc6 Rxc6 48. Nxc6 {KN-KN} a5 49. b4 (49. Ne5 $11 {remains equal.}) 49... axb4 $17 50. Nxb4 Kf7 51. Nc6 Ke6 52. a5 Kd6 53. Nd8 bxa5 54. Nb7+ Kd5 {Strongly threatening ...a4.} 55. Nxa5 Kxd4 56. Kf2 Kd3 (56... Kd5 $17 {White should prevent ...Nd7.} 57. Nb3 Ne8) 57. Nc6 $11 h5 {Threatening ...Kc4.} 58. Ne5+ (58. g3 $1 $11) 58... Kd4 $15 59. Nc6+ (59. Nf7 $15) 59... Kc5 ({Better is} 59... Kd5 $17 60. Ne7+ Ke6) 60. Nd8 Kd5 61. Nf7 {[#]} (61. g3 $1 $15) 61... g4 (61... Nh7 $1 $17 {Black wants to play ...Ke6.} 62. Nd8 Ke5 63. Nf7+ Ke6 64. Nd8+ Kf5) 62. g3 $11 {The position is equal.} h4 63. gxh4 g3+ 64. Kg2 Ke6 65. Ng5+ Kf5 66. Nh3 Nh5 67. Ng1 Ke6 68. Ne2 Ke5 69. Kh3 Kf5 70. Nd4+ Kf6 71. Ne2 Ke5 72. Kg4 Nf6+ 73. Kh3 Nh5 74. Kg4 {Weighted Error Value: White=0.16/Black=0.14} 1/2-1/2